000
00306nam a2200121Ia 4500
008
191014s9999 xx 000 0 und d
082
_a
531
_b
CHO
100
_a
Tail. Chow
_9
23733
245
0
_a
Classical Mechanics
260
_a
Islamabad Pakistan
_b
Tahir Printing Press
300
_a
X,547
942
_c
BK
999
_c
531229
_d
531229